Evolution of Turkey Quiz - Statistics

General Stats
  • This quiz has been taken 18 times
  • The average score is 16 of 46
Answer Stats
Year State % Correct
1299-1402 Ottoman Beylik
100%
1882-1912 Ottoman Empire
100%
1918-1920 Ottoman Empire (Turkish War of İndependence)
100%
1413-1444 Ottoman State
100%
1402-1413 Ottoman State (1st Civil War)
100%
1444-1453 Ottoman State (II. Murad's Sultanate)
100%
1920-1938 Republic of Turkey
100%
1939-2022 Republic of Turkey (Without Hatay)
100%
2022-~ Republic of Turkiye
100%
1093-1244 Sultanate of Rum
50%
553-554 1st Turkic Khanate
40%
573-581 Gokturk Khanate
40%
1036-1071 Great Seljuk Empire
30%
1071-1190 Great Seljuk Empire (After Conquering Anatolia)
30%
1244-1263 Mongol Empire Rule
30%
1914-1918 Ottoman Empire (1st World War)
30%
1482-1512 Ottoman Empire (2nd Beyazids Sultanate)
30%
1481-1482 Ottoman Empire (2nd Ottoman Civil War)
30%
1912-1914 Ottoman Empire (Balkan Wars)
30%
1453-1454 Ottoman Empire (Conquering Constantinople)
30%
1512-1520 Ottoman Empire (Conquering Egypt)
30%
1703-1882 Ottoman Empire (Decline And Modernization)
30%
1566-1603 Ottoman Empire (Golden Age)
30%
1520-1566 Ottoman Empire (Magnificent)
30%
1454-1481 Ottoman Empire (Mehmet The Conqueror's Sultanate)
30%
1603-1703 Ottoman Empire (Old Regime)
30%
683-745 2nd Turkic Khanate
10%
BCE. 3000-BCE. 4000 Anav Culture
10%
310-375 Dai Dynasty
10%
554-573 Eastern Gokturk Khanate
10%
581–603 Eastern Turkic Khanate
10%
998-1186 Ghaznavid Empire
10%
375-434 Hunnic Empire
10%
434-469 Hunnic Empire (Attila's Rise)
10%
1263-1299 İlkhanate Rule
10%
841-1125 Kara Khanid Khanate
10%
1240-1299 Osmanogulları Beylik
10%
BCE. 220-BCE. 3000 Proto Turks
10%
657-683 Tang Dynasty Rule
10%
745-840 Uyghur Khanate
10%
554-573 Western Gokturk Khanate
10%
593–657 Western Turkic Khanate
10%
315-389 Xianbei
10%
BCE. 220-45 Xiongnu
10%
45-315 Xiongnu Parts
10%
469-553 Rouran Khanate
0%
No matching quizzes found
Score Distribution
Percent of People with Each Score
Percentile by Number Answered
Your Score History
You have not taken this quiz